All teams in the 2014 Brazil world cup - Statistics

General Stats
  • This quiz has been taken 65 times
    60 since last reset
  • The average score is 27 of 32
Answer Stats
Answer % Correct
Argentina
100%
Brazil
98%
Portugal
98%
Australia
96%
Germany
96%
Costa Rica
94%
France
94%
Spain
94%
United States of America
94%
Japan
92%
South Korea
92%
England
90%
Italy
90%
Netherlands
90%
Uruguay
90%
Belgium
88%
Colombia
88%
Nigeria
88%
Russia
87%
Switzerland
87%
Chile
85%
Mexico
85%
Cameroon
83%
Croatia
83%
Algeria
77%
Ghana
75%
Greece
75%
Honduras
73%
Bosnia and Herzegovina
71%
Iran
67%
Ecuador
63%
Cote D'ivoire
25%
No matching quizzes found
Score Distribution
Percent of People with Each Score
Percentile by Number Answered
Your Score History
You have not taken this quiz since the last reset